header

Cases of circumstantial evidence (Record no. 34877)

MARC details
000 -LEADER
fixed length control field 01609nam a2200373 a 4500
100 1# - MAIN ENTRY--AUTHOR NAME
Personal name Lewis, Janet.
245 10 - TITLE STATEMENT
Title Cases of circumstantial evidence
260 ## - PUBLICATION, DISTRIBUTION, ETC. (IMPRINT)
Place of publication Athens, Ohio :
Name of publisher Swallow Press,
Year of publication 2013.
300 ## - PHYSICAL DESCRIPTION
Number of Pages xv, 720 p.
650 #0 - SUBJECT ADDED ENTRY--TOPICAL TERM
Topical Term Triangles (Interpersonal relations)
Topical Term Impostors and imposture
Topical Term Married women
700 1# - ADDED ENTRY--PERSONAL NAME
Personal name Haworth, Kevin.
856 40 - ELECTRONIC LOCATION AND ACCESS
Uniform Resource Identifier http://site.ebrary.com/lib/rucke/Doc?id=10746133

No items available.

© 2026 Rongo University
Contact us: librarian | system librarian | Rongo university